000 00274nam a2200109Ia 4500
001 588865
005 20250717120838.0
008 250717s9999 xx 000 0 und d
245 0 _aY-6 MÜLTECİ PARFÜMÜ
_cAYŞE BÖHÜRLER
260 _bERDEM YAYINLARI
_c2017
300 _b125
999 _c588865
_d588865